Statistiken für Allgemeinwissen Spezial 1

Klicken Sie hier um das Quiz zu spielen!

Allgemein

  • Dieses Quiz wurde 115 mal gespielt
  • Das Durchschnittsergebnis liegt bei 5 aus 21

Antwortstatistiken

HintAntwort% Korrekt
In welcher Stadt steht ein überdimensionales Molekül als Wahrzeichen?Brüssel
61%
Wie viele Thesen schlug Martin Luther an die Kriche?95
54%
Welches Land hat 3 Hauptstädte?Südafrika
51%
In welcher Stadt wurde Kennedy erschossen?Dallas
44%
Von welcher Stadt ist Wattenscheid ein Stadtteil?Bochum
41%
In welcher Stadt wurde Beethoven geboren?Bonn
33%
In welcher Stadt wurde die Titanic erbaut?Belfast
31%
Welcher Fluss fließt durch Hannover?Leine
31%
Von welcher Stadt ist Uerdingen ein Stadtteil?Krefeld
29%
Welcher Flughafen hat weltweit die meisten Passagiere?Atlanta
24%
Welche ist die höchstgelegene Hauptstadt der Welt?La Paz
17%
Wann wurde der Eiffelturm eröffnet?1889
15%
Welche ist die trockenste Wüste der Welt?Atacama
15%
Wer war der bisher einzige parteilose Bundespräsident?Joachim Gauck
12%
Wer ist momentan Bundesjustizminister?Marco Buschmann
12%
Von welchem Trainer?Mark van Bommel
12%
Welcher Spieler erzielte die meisten Tore bei einer einzigen WM?Just Fontaine
10%
Wen traf Nigel de Jong im WM Finale 2010 am Brustkorb?Xabi Alonso
10%
„Tief im Westen; wo die Sonne…“verstaubt
9%
Bei welchem DFB Pokal Spiel kam es 2021 zu einem Wechselfehler?Münster Wolfsburg
5%
Gegen welches Team schoss Florian Dick 2014 das Tor des Monats?FSV Frankfurt
0%

Verteilung der Resultate

Perzentil nach korrekt beantworteten Fragen

Anzahl Personen mit jedem Resultat

Ihre Resultats-Entwicklung

Sie haben dieses Quiz noch nicht gespielt